000
00288nam a22001337a 4500
008
181029b xxu||||| |||| 00| 0 eng d
020
_a
1563632039
041
_a
eng
080
_a
615
100
_a
5
101
_a
SHF
245
_a
Physicians Desk Reference
_c
Arky, R
942
_2
udc
_c
BK
999
_c
51064
_d
51064